Les monuments du Luxembourg - Statistiques

Statistiques générales
  • Ce quiz a été pris 12 fois
  • Le résultat moyen est 7 sur 16
Statistiques - réponses
Par images Réponse % Correct
Gëlle Fra
89%
Le pont Grande Duchesse Charlotte
78%
Philharmonie
78%
Grund
67%
Palais Grand-Ducal
67%
Pont Adolphe
67%
MUDAM
56%
Place D’Armes
56%
Casemates
22%
Cathédrale Notre-Dame
22%
Les Trois Glands
22%
statue de la Grande-Duchesse Charlotte
22%
Abbaye de Neimenster
11%
Chateau du Vianden
11%
Cours de justice de l’Union européenne
11%
Mullerthal
11%
Aucun quiz correspondant
Distribution des résultats
% des personnes avec chaque résultat
Percentile par nombre de réponses
Votre historique - résultats
Vous n’avez pas pris ce quiz